000
00285nam a2200109Ia 4500
001
588879
005
20250717120839.0
008
250717s9999 xx 000 0 und d
245
0
_a
Y-7 BARBAROS HAYREDDİN
_c
HÜSEYİN SERDAR TABAKOĞLU
260
_b
ERDEM YAYINLARI
_c
2018
300
_b
158
999
_c
588879
_d
588879